000 004530000a22001930004500
999 _c47897
_d47897
001 693
003 CO-MdFUSB
005 20181101174142.0
008 181101b xxu||||| |||| 00| 0 eng d
020 _a0-316-11246-1
040 _cCO-MdBIC
082 0 4 _a813C B81to
100 1 _aBrown, Marc
245 1 0 _aArthurs tooth / Marc Brown
260 _aOhio : Weekly Reader Books
300 _a[ 32 p. ]
650 1 4 _aLiteratura Infantil
942 _cLGB